[Event "DEM U10 2025"]
[Site "Willingen GER"]
[Date "2025.06.11"]
[Round "5"]
[White "Gavrylchenko, Illia"]
[Black "Winkens, Jonathan"]
[Result "1-0"]
[Termination "normal"]
[Board "24"]
[WhiteElo "1428"]
[BlackElo "1406"]
[WhiteClock "00:30:55"]
[BlackClock "01:34:08"]
[PlyCount "119"]
[WhiteFideId "34682007"]
[BlackFideId "533019703"]
[EventCountry "GER"]
[EventRounds "9"]
[EventType "swiss"]
[EventDate "2025.06.07"]

1. e4 {[%clk 01:30:57]} {[%emt 00:00:03]} e5 {[%clk 01:30:36]} {[%emt
00:00:24]} 2. Nc3 {[%clk 01:31:23]} {[%emt 00:00:05]} Nf6 {[%clk 01:30:58]}
{[%emt 00:00:08]} 3. f4 {[%clk 01:31:47]} {[%emt 00:00:07]} d5 {[%clk
01:31:19]} {[%emt 00:00:08]} 4. fxe5 {[%clk 01:32:11]} {[%emt 00:00:06]} Nxe4
{[%clk 01:31:36]} {[%emt 00:00:13]} 5. Qf3 {[%clk 01:32:28]} {[%emt 00:00:14]}
Nc6 {[%clk 01:31:54]} {[%emt 00:00:12]} 6. Bb5 {[%clk 01:32:48]} {[%emt
00:00:10]} Nxc3 {[%clk 01:32:12]} {[%emt 00:00:12]} 7. bxc3 {[%clk 01:30:14]}
{[%emt 00:03:04]} Qh4+ {[%clk 01:32:27]} {[%emt 00:00:15]} 8. g3 {[%clk
01:28:40]} {[%emt 00:02:03]} Qe4+ {[%clk 01:32:50]} {[%emt 00:00:08]} 9. Qxe4
{[%clk 01:29:05]} {[%emt 00:00:04]} dxe4 {[%clk 01:33:14]} {[%emt 00:00:06]}
10. Bxc6+ {[%clk 01:17:58]} {[%emt 00:11:37]} bxc6 {[%emt 00:00:10]} 11. Ne2
{[%clk 01:14:19]} {[%emt 00:04:07]} g6 {[%clk 01:33:29]} {[%emt 00:00:37]} 12.
d4 {[%clk 01:07:25]} {[%emt 00:07:25]} c5 {[%clk 01:33:33]} {[%emt 00:00:26]}
13. Bg5 {[%clk 00:59:44]} {[%emt 00:08:10]} h6 {[%clk 01:32:48]} {[%emt
00:01:15]} 14. Bf6 {[%clk 00:57:22]} {[%emt 00:02:52]} Rg8 {[%clk 01:32:34]}
{[%emt 00:00:43]} 15. Kd2 {[%clk 00:50:03]} {[%emt 00:07:49]} Bb7 {[%clk
01:32:31]} {[%emt 00:00:32]} 16. Rhf1 {[%clk 00:46:05]} {[%emt 00:04:31]} Be7
{[%clk 01:30:39]} {[%emt 00:02:22]} 17. Bxe7 {[%clk 00:41:11]} {[%emt
00:05:23]} Kxe7 {[%emt 00:00:11]} 18. Rf6 {[%clk 00:38:45]} {[%emt 00:02:54]}
Rad8 {[%clk 01:29:21]} {[%emt 00:02:09]} 19. Raf1 {[%clk 00:34:17]} {[%emt
00:04:58]} Rgf8 {[%clk 01:29:21]} {[%emt 00:00:31]} 20. Ke3 {[%clk 00:32:06]}
{[%emt 00:02:36]} cxd4+ {[%clk 01:29:19]} {[%emt 00:00:36]} 21. cxd4 {[%clk
00:32:18]} {[%emt 00:00:17]} Bd5 {[%clk 01:28:39]} {[%emt 00:01:04]} 22. Nc3
{[%clk 00:30:16]} {[%emt 00:02:37]} c6 {[%clk 01:28:39]} {[%emt 00:00:30]} 23.
Nxe4 {[%clk 00:27:52]} {[%emt 00:02:56]} Bxa2 {[%clk 01:28:31]} {[%emt
00:00:37]} 24. Rxc6 {[%clk 00:27:27]} {[%emt 00:00:54]} Bd5 {[%clk 01:28:30]}
{[%emt 00:00:31]} 25. Rc7+ {[%clk 00:27:34]} {[%emt 00:00:24]} Rd7 {[%emt
00:00:31]} 26. Rxd7+ {[%emt 00:00:17]} Kxd7 {[%clk 01:29:14]} {[%emt 00:00:05]}
27. Nf6+ {[%clk 00:27:42]} {[%emt 00:00:14]} Kc6 {[%clk 01:28:55]} {[%emt
00:00:49]} 28. Nxd5 {[%clk 00:27:50]} {[%emt 00:00:23]} Kxd5 {[%emt 00:00:28]}
29. Rf6 {[%clk 00:27:56]} Kc4 {[%clk 01:29:08]} 30. Ke4 {[%clk 00:26:58]}
{[%emt 00:02:09]} a5 {[%clk 01:27:40]} 31. Rf3 {[%clk 00:26:16]} {[%emt
00:03:11]} a4 {[%emt 00:00:29]} 32. d5 {[%clk 00:25:43]} {[%emt 00:00:51]} Kb4
{[%emt 00:01:23]} 33. e6 {[%clk 00:24:16]} {[%emt 00:01:53]} f5 {[%clk
01:25:04]} {[%emt 00:02:31]} 34. Ke5 {[%clk 00:24:28]} {[%emt 00:00:17]} Kc5
{[%emt 00:00:19]} 35. e7 {[%clk 00:23:02]} {[%emt 00:01:44]} Re8 {[%clk
01:25:34]} {[%emt 00:00:23]} 36. Ke6 {[%clk 00:23:25]} {[%emt 00:00:07]} Rxe7+
{[%clk 01:25:33]} {[%emt 00:00:31]} 37. Kxe7 {[%clk 00:23:51]} {[%emt
00:00:04]} Kxd5 {[%clk 01:25:56]} {[%emt 00:00:07]} 38. Kf6 {[%clk 00:23:59]}
{[%emt 00:00:21]} Ke4 {[%clk 01:26:06]} 39. Ra3 {[%clk 00:23:59]} g5 {[%clk
01:26:06]} 40. Kg6 {[%clk 00:23:59]} h5 {[%clk 01:26:06]} 41. Kxg5 {[%clk
00:23:59]} h4 {[%clk 01:26:06]} 42. Rxa4+ {[%clk 00:23:59]} Kf3 {[%clk
01:26:06]} 43. gxh4 {[%clk 00:23:59]} f4 {[%clk 01:26:06]} 44. Rxf4+ {[%clk
00:24:59]} {[%emt 00:03:17]} Kg2 {[%clk 01:29:59]} {[%emt 00:00:59]} 45. h5
{[%clk 00:27:02]} Kxh2 {[%clk 01:29:59]} 46. h6 {[%clk 00:27:02]} Kg3 {[%clk
01:29:59]} 47. h7 Kg2 {[%emt 00:00:01]} 48. h8=R {[%clk 00:27:02]} Kg3 {[%clk
01:30:17]} {[%emt 00:00:25]} 49. Kf5 {[%clk 00:27:46]} Kg2 {[%clk 01:30:17]}
50. Rg4+ {[%clk 00:27:39]} {[%emt 00:00:17]} Kf3 {[%emt 00:00:18]} 51. Rf4+
{[%clk 00:27:46]} {[%emt 00:00:12]} Ke3 {[%clk 01:30:59]} 52. Re8+ {[%clk
00:27:46]} Kd2 {[%emt 00:00:26]} 53. Rd4+ {[%clk 00:28:23]} {[%emt 00:00:17]}
Kc3 {[%clk 01:31:38]} {[%emt 00:00:12]} 54. Rd6 {[%clk 00:28:43]} {[%emt
00:00:09]} Kb2 {[%clk 01:32:01]} 55. c4 {[%clk 00:28:43]} Kc2 {[%clk 01:32:01]}
56. c5 {[%clk 00:29:32]} {[%emt 00:00:22]} Kc3 {[%emt 00:00:10]} 57. c6 {[%clk
00:29:54]} {[%emt 00:00:03]} Kc4 {[%clk 01:33:19]} {[%emt 00:00:04]} 58. c7
{[%clk 00:30:19]} {[%emt 00:00:05]} Kc5 {[%clk 01:33:45]} {[%emt 00:00:04]} 59.
Rd1 {[%clk 00:30:33]} {[%emt 00:00:16]} Kc6 {[%clk 01:34:08]} {[%emt 00:00:06]}
60. c8=Q+ {[%clk 00:30:55]} {[%emt 00:00:07]} 1-0

[Event "DEM U10 2025"]
[Site "Willingen GER"]
[Date "2025.06.11"]
[Round "5"]
[White "Liu, Peilin"]
[Black "Möller, Julian"]
[Result "0-1"]
[Termination "normal"]
[Board "25"]
[WhiteElo "1530"]
[BlackElo "1161"]
[WhiteClock "00:08:39"]
[BlackClock "00:10:05"]
[PlyCount "84"]
[WhiteFideId "8643792"]
[BlackFideId "533022577"]
[EventCountry "GER"]
[EventRounds "9"]
[EventType "swiss"]
[EventDate "2025.06.07"]

1. e4 {[%emt 00:00:05]} e5 {[%clk 01:30:51]} {[%emt 00:00:06]} 2. Nf3 {[%clk
01:31:19]} {[%emt 00:00:09]} Nc6 {[%clk 01:30:59]} {[%emt 00:00:22]} 3. Bc4
{[%clk 01:31:08]} {[%emt 00:00:40]} Bc5 {[%clk 01:31:13]} {[%emt 00:00:16]} 4.
d3 {[%clk 01:28:23]} {[%emt 00:03:16]} Nf6 {[%clk 01:30:25]} {[%emt 00:01:17]}
5. O-O {[%clk 01:27:08]} {[%emt 00:01:46]} d6 {[%clk 01:29:37]} {[%emt
00:01:17]} 6. Nc3 {[%clk 01:26:42]} {[%emt 00:00:50]} h6 {[%clk 01:28:56]}
{[%emt 00:01:17]} 7. Be3 {[%clk 01:26:14]} {[%emt 00:00:59]} Bb6 {[%clk
01:27:32]} {[%emt 00:01:53]} 8. d4 {[%clk 01:23:30]} {[%emt 00:03:11]} O-O
{[%clk 01:25:55]} {[%emt 00:02:10]} 9. h3 {[%clk 01:23:13]} {[%emt 00:00:47]}
Re8 {[%clk 01:24:50]} {[%emt 00:01:35]} 10. d5 {[%clk 01:20:55]} {[%emt
00:02:49]} Ne7 {[%clk 01:24:42]} {[%emt 00:00:37]} 11. Re1 {[%clk 01:10:36]}
{[%emt 00:10:49]} Ng6 {[%clk 01:21:50]} {[%emt 00:03:21]} 12. Qd2 {[%clk
01:06:36]} {[%emt 00:04:30]} Bd7 {[%clk 01:18:37]} {[%emt 00:03:44]} 13. Nh2
{[%clk 00:59:23]} {[%emt 00:07:43]} Ba5 {[%clk 01:08:40]} {[%emt 00:10:26]} 14.
f3 {[%clk 00:57:53]} {[%emt 00:02:02]} Bb6 {[%clk 01:04:56]} {[%emt 00:04:14]}
15. Ne2 {[%clk 00:53:35]} {[%emt 00:04:45]} Bxe3+ {[%clk 00:59:13]} {[%emt
00:06:15]} 16. Qxe3 {[%clk 00:53:08]} {[%emt 00:00:58]} Nh5 {[%clk 00:56:47]}
{[%emt 00:02:55]} 17. Qb3 {[%clk 00:47:17]} {[%emt 00:06:22]} b6 {[%clk
00:55:57]} {[%emt 00:01:20]} 18. Rad1 {[%clk 00:46:08]} {[%emt 00:01:22]} Nhf4
{[%clk 00:53:09]} {[%emt 00:03:35]} 19. Nxf4 {[%clk 00:42:43]} {[%emt
00:03:55]} Nxf4 {[%clk 00:53:17]} {[%emt 00:00:22]} 20. Rd2 {[%clk 00:40:28]}
{[%emt 00:02:39]} Qg5 {[%clk 00:50:47]} {[%emt 00:03:00]} 21. Kh1 {[%clk
00:37:17]} {[%emt 00:02:47]} Nxh3 {[%clk 00:47:21]} {[%emt 00:04:57]} 22. Qc3
{[%clk 00:29:21]} {[%emt 00:08:25]} Nf4 {[%clk 00:45:07]} {[%emt 00:02:45]} 23.
Rf2 {[%clk 00:24:51]} {[%emt 00:04:56]} Qg3 {[%clk 00:39:51]} {[%emt 00:05:49]}
24. Qe3 {[%clk 00:22:57]} {[%emt 00:02:27]} f5 {[%clk 00:37:10]} {[%emt
00:03:10]} 25. Bd3 {[%clk 00:22:06]} {[%emt 00:01:16]} Rf8 {[%clk 00:31:41]}
{[%emt 00:06:04]} 26. Nf1 {[%clk 00:19:05]} {[%emt 00:03:31]} Qh4+ {[%clk
00:30:24]} {[%emt 00:01:46]} 27. Kg1 {[%clk 00:18:30]} {[%emt 00:01:06]} Qg5
{[%clk 00:28:09]} {[%emt 00:02:44]} 28. Kh1 {[%clk 00:16:58]} {[%emt 00:02:00]}
fxe4 {[%clk 00:25:30]} {[%emt 00:03:12]} 29. Bxe4 {[%clk 00:16:38]} {[%emt
00:00:50]} Bf5 {[%clk 00:23:19]} {[%emt 00:02:40]} 30. c4 {[%clk 00:15:01]}
{[%emt 00:02:08]} Bxe4 {[%clk 00:22:50]} {[%emt 00:01:00]} 31. Qxe4 {[%clk
00:14:54]} {[%emt 00:00:36]} Qf5 {[%clk 00:15:08]} {[%emt 00:08:11]} 32. Qxf5
{[%clk 00:15:00]} {[%emt 00:00:24]} Rxf5 {[%clk 00:15:26]} {[%emt 00:00:12]}
33. Ng3 {[%clk 00:15:13]} {[%emt 00:00:17]} Rg5 {[%clk 00:14:44]} {[%emt
00:01:12]} 34. Kh2 {[%clk 00:07:33]} {[%emt 00:08:11]} Nd3 {[%clk 00:14:20]}
{[%emt 00:00:54]} 35. Ref1 {[%clk 00:07:51]} {[%emt 00:00:12]} Nxf2 {[%clk
00:14:19]} {[%emt 00:00:31]} 36. Rxf2 {[%clk 00:08:20]} {[%emt 00:00:01]} Rf8
{[%clk 00:13:47]} {[%emt 00:01:01]} 37. Ne4 {[%clk 00:08:44]} {[%emt 00:00:06]}
Rgf5 {[%clk 00:13:46]} {[%emt 00:00:30]} 38. b3 {[%clk 00:08:56]} {[%emt
00:00:19]} g5 {[%clk 00:13:36]} {[%emt 00:00:39]} 39. Kg3 {[%clk 00:08:56]}
{[%emt 00:00:31]} Kg7 {[%clk 00:12:11]} {[%emt 00:01:55]} 40. Kg4 {[%clk
00:08:27]} {[%emt 00:00:59]} Rf4+ {[%clk 00:11:21]} {[%emt 00:01:19]} 41. Kg3
{[%clk 00:08:39]} {[%emt 00:00:21]} Kg6 {[%clk 00:11:08]} {[%emt 00:00:42]} 42.
Rf1 {[%emt 00:01:10]} Rxe4 {[%clk 00:10:05]} {[%emt 00:01:24]} 0-1

[Event "DEM U10 2025"]
[Site "Willingen GER"]
[Date "2025.06.11"]
[Round "5"]
[White "Hou, Minmu"]
[Black "Zentgraf, Raphael"]
[Result "0-1"]
[Termination "normal"]
[Board "26"]
[WhiteElo "1355"]
[BlackElo "1660"]
[WhiteClock "00:23:02"]
[BlackClock "00:59:57"]
[PlyCount "84"]
[WhiteFideId "533041490"]
[BlackFideId "34684166"]
[EventCountry "GER"]
[EventRounds "9"]
[EventType "swiss"]
[EventDate "2025.06.07"]

1. e4 {[%clk 01:30:57]} {[%emt 00:00:02]} c5 {[%emt 00:01:08]} 2. Nf3 {[%clk
01:31:16]} {[%emt 00:00:04]} e6 {[%clk 01:29:30]} {[%emt 00:01:00]} 3. d4
{[%clk 01:31:29]} {[%emt 00:00:18]} cxd4 {[%clk 01:28:45]} {[%emt 00:01:14]} 4.
Nxd4 {[%clk 01:31:51]} {[%emt 00:00:08]} Nc6 {[%clk 01:28:18]} {[%emt
00:00:57]} 5. Nc3 {[%clk 01:32:01]} {[%emt 00:00:20]} Qc7 {[%clk 01:27:37]}
{[%emt 00:01:11]} 6. Ndb5 {[%clk 01:29:50]} {[%emt 00:02:41]} Qb8 {[%clk
01:27:00]} {[%emt 00:01:08]} 7. f4 {[%clk 01:22:35]} {[%emt 00:07:44]} a6
{[%clk 01:24:30]} {[%emt 00:03:00]} 8. Nd4 {[%clk 01:21:13]} {[%emt 00:01:52]}
Bb4 {[%clk 01:17:33]} {[%emt 00:07:26]} 9. Nxc6 {[%clk 01:20:05]} {[%emt
00:01:39]} bxc6 {[%clk 01:17:25]} {[%emt 00:00:38]} 10. Qd4 {[%clk 01:18:56]}
{[%emt 00:01:38]} Nf6 {[%clk 01:16:48]} {[%emt 00:01:08]} 11. e5 {[%clk
01:13:03]} {[%emt 00:06:23]} Nd5 {[%clk 01:14:31]} {[%emt 00:02:48]} 12. Bd2
{[%clk 01:11:10]} {[%emt 00:02:21]} c5 {[%clk 01:12:47]} {[%emt 00:02:14]} 13.
Qc4 {[%clk 01:08:02]} {[%emt 00:03:35]} Bb7 {[%clk 01:08:44]} {[%emt 00:04:36]}
14. a3 {[%clk 01:05:12]} {[%emt 00:03:20]} Bxc3 {[%clk 01:08:25]} {[%emt
00:00:49]} 15. bxc3 {[%clk 01:02:43]} {[%emt 00:02:59]} Qc7 {[%clk 01:07:42]}
{[%emt 00:01:12]} 16. Rb1 {[%clk 01:00:18]} {[%emt 00:02:55]} Rb8 {[%clk
01:05:57]} {[%emt 00:02:17]} 17. Qb3 {[%clk 00:56:51]} {[%emt 00:03:51]} O-O
{[%clk 01:04:43]} {[%emt 00:01:50]} 18. c4 {[%clk 00:50:28]} {[%emt 00:06:53]}
Ne7 {[%clk 01:04:09]} {[%emt 00:01:04]} 19. Qg3 {[%clk 00:48:39]} {[%emt
00:02:07]} Nf5 {[%clk 01:02:41]} {[%emt 00:00:55]} 20. Qg5 {[%clk 00:45:29]}
{[%emt 00:04:32]} h6 {[%clk 01:02:18]} {[%emt 00:01:16]} 21. Qg4 {[%clk
00:40:49]} {[%emt 00:05:04]} Bf3 {[%clk 01:02:37]} {[%emt 00:00:17]} 22. gxf3
{[%clk 00:38:54]} {[%emt 00:02:25]} Rxb1+ {[%clk 01:02:48]} {[%emt 00:00:19]}
23. Kf2 {[%clk 00:38:58]} {[%emt 00:00:25]} d6 {[%clk 01:00:42]} {[%emt
00:02:38]} 24. Bc3 {[%clk 00:38:21]} {[%emt 00:01:05]} Rc1 {[%clk 01:00:40]}
{[%emt 00:00:34]} 25. Kg1 {[%clk 00:33:38]} {[%emt 00:04:56]} Rxf1+ {[%clk
01:00:17]} {[%emt 00:01:09]} 26. Kxf1 {[%clk 00:32:46]} {[%emt 00:01:22]} Ne3+
{[%clk 01:00:37]} {[%emt 00:00:10]} 27. Kf2 {[%clk 00:31:37]} {[%emt 00:01:40]}
Nxg4+ {[%clk 01:01:00]} {[%emt 00:00:07]} 28. fxg4 {[%clk 00:31:49]} {[%emt
00:00:18]} Qb7 {[%clk 01:01:10]} {[%emt 00:00:21]} 29. Rg1 {[%clk 00:31:54]}
{[%emt 00:00:24]} d5 {[%clk 01:01:25]} {[%emt 00:00:15]} 30. f5 {[%clk
00:30:53]} {[%emt 00:01:31]} dxc4 {[%clk 01:01:31]} {[%emt 00:00:24]} 31. g5
{[%clk 00:30:55]} {[%emt 00:00:28]} h5 {[%clk 01:01:39]} {[%emt 00:00:22]} 32.
g6 {[%clk 00:30:38]} {[%emt 00:00:47]} f6 {[%clk 01:01:52]} {[%emt 00:00:13]}
33. exf6 {[%clk 00:30:27]} {[%emt 00:00:44]} gxf6 {[%clk 01:01:43]} {[%emt
00:00:39]} 34. fxe6 {[%clk 00:29:37]} {[%emt 00:01:21]} Kg7 {[%clk 01:01:43]}
{[%emt 00:00:29]} 35. Rg5 {[%clk 00:28:54]} {[%emt 00:01:12]} Qe4 {[%clk
01:01:22]} {[%emt 00:00:52]} 36. Rxh5 {[%clk 00:26:46]} {[%emt 00:02:41]} Kxg6
{[%clk 01:01:25]} {[%emt 00:00:27]} 37. Rxc5 {[%clk 00:25:39]} {[%emt
00:01:37]} Qxc2+ {[%clk 01:01:40]} {[%emt 00:00:15]} 38. Kg1 {[%clk 00:25:08]}
{[%emt 00:01:00]} Rd8 {[%clk 00:59:46]} {[%emt 00:02:25]} 39. Be1 {[%clk
00:24:43]} {[%emt 00:00:55]} Qe2 {[%clk 00:59:38]} {[%emt 00:00:37]} 40. Bf2
{[%clk 00:23:52]} {[%emt 00:01:21]} Rd2 {[%clk 00:59:51]} {[%emt 00:00:18]} 41.
Rg5+ {[%clk 00:23:06]} {[%emt 00:01:16]} fxg5 {[%clk 01:00:06]} {[%emt
00:00:14]} 42. Bg3 {[%clk 00:23:02]} {[%emt 00:00:35]} Qg2# {[%clk 00:59:57]}
{[%emt 00:00:09]} 0-1

[Event "DEM U10 2025"]
[Site "Willingen GER"]
[Date "2025.06.11"]
[Round "5"]
[White "Üstüntas, Nadir"]
[Black "Peterson, James"]
[Result "1-0"]
[Termination "normal"]
[Board "27"]
[WhiteElo "1179"]
[BlackElo "1338"]
[WhiteClock "01:24:46"]
[BlackClock "00:23:34"]
[PlyCount "111"]
[WhiteFideId "533004064"]
[BlackFideId "34692452"]
[EventCountry "GER"]
[EventRounds "9"]
[EventType "swiss"]
[EventDate "2025.06.07"]

1. d4 {[%clk 01:30:57]} {[%emt 00:00:02]} Nf6 {[%clk 01:30:43]} {[%emt
00:00:17]} 2. c4 {[%clk 01:31:21]} {[%emt 00:00:06]} g6 {[%clk 01:30:53]}
{[%emt 00:00:19]} 3. Nc3 {[%clk 01:31:46]} {[%emt 00:00:06]} Bg7 {[%clk
01:30:25]} {[%emt 00:00:59]} 4. e4 {[%clk 01:32:11]} {[%emt 00:00:05]} O-O
{[%clk 01:30:12]} {[%emt 00:00:42]} 5. e5 {[%clk 01:32:33]} {[%emt 00:00:08]}
Ne8 {[%clk 01:30:18]} {[%emt 00:00:24]} 6. Be2 {[%clk 01:32:52]} {[%emt
00:00:11]} d6 {[%clk 01:30:11]} {[%emt 00:00:37]} 7. f4 {[%clk 01:33:16]}
{[%emt 00:00:06]} Nc6 {[%clk 01:30:15]} {[%emt 00:00:26]} 8. Nf3 {[%clk
01:33:37]} {[%emt 00:00:09]} Bg4 {[%clk 01:30:20]} {[%emt 00:00:25]} 9. h3
{[%clk 01:34:01]} {[%emt 00:00:06]} Bd7 {[%clk 01:29:24]} {[%emt 00:01:25]} 10.
Be3 {[%clk 01:34:16]} {[%emt 00:00:16]} dxe5 {[%clk 01:28:15]} {[%emt
00:01:40]} 11. fxe5 {[%clk 01:34:35]} {[%emt 00:00:11]} Bc8 {[%clk 01:25:17]}
{[%emt 00:03:27]} 12. Bf4 {[%clk 01:34:52]} {[%emt 00:00:11]} f6 {[%clk
01:12:54]} {[%emt 00:12:55]} 13. Qb3 {[%clk 01:32:55]} {[%emt 00:02:26]} Nxd4
{[%clk 01:12:45]} {[%emt 00:00:40]} 14. Nxd4 {[%clk 01:32:54]} {[%emt
00:00:31]} Qxd4 {[%clk 01:13:08]} {[%emt 00:00:07]} 15. Bd2 {[%clk 01:33:15]}
{[%emt 00:00:07]} fxe5 {[%clk 01:12:56]} {[%emt 00:00:43]} 16. O-O-O {[%clk
01:33:31]} {[%emt 00:00:16]} Qc5 {[%clk 00:47:04]} {[%emt 00:26:14]} 17. Nd5
{[%clk 01:31:02]} {[%emt 00:03:06]} a5 {[%clk 00:31:54]} {[%emt 00:15:39]} 18.
Be3 {[%clk 01:30:37]} {[%emt 00:00:54]} Qd6 {[%clk 00:30:58]} {[%emt 00:01:22]}
19. c5 {[%clk 01:30:53]} {[%emt 00:00:21]} Qe6 {[%clk 00:30:05]} {[%emt
00:01:20]} 20. Bc4 {[%clk 01:29:30]} {[%emt 00:01:55]} a4 {[%clk 00:27:53]}
{[%emt 00:02:42]} 21. Qc2 {[%clk 01:28:28]} {[%emt 00:01:28]} Kh8 {[%clk
00:25:27]} {[%emt 00:03:00]} 22. Nxc7 {[%clk 01:28:12]} {[%emt 00:00:46]} Qf6
{[%clk 00:23:36]} {[%emt 00:02:21]} 23. Nxa8 {[%clk 01:27:50]} {[%emt
00:00:53]} Bf5 {[%clk 00:23:45]} {[%emt 00:00:20]} 24. Qxa4 {[%clk 01:27:41]}
{[%emt 00:00:41]} e4 {[%clk 00:23:47]} {[%emt 00:00:27]} 25. Rd2 {[%clk
01:26:12]} {[%emt 00:01:58]} Be6 {[%clk 00:22:08]} {[%emt 00:02:08]} 26. Nb6
{[%clk 01:21:04]} {[%emt 00:05:40]} Bxc4 {[%clk 00:21:44]} {[%emt 00:00:54]}
27. Qxc4 {[%clk 01:21:06]} {[%emt 00:00:28]} Qc6 {[%clk 00:21:56]} {[%emt
00:00:16]} 28. Bd4 {[%clk 01:20:31]} {[%emt 00:01:06]} Nd6 {[%clk 00:21:01]}
{[%emt 00:01:26]} 29. Bxg7+ {[%clk 01:20:34]} {[%emt 00:00:26]} Kxg7 {[%clk
00:21:24]} {[%emt 00:00:07]} 30. cxd6 {[%clk 01:20:44]} {[%emt 00:00:20]} Qxb6
{[%clk 00:21:40]} {[%emt 00:00:14]} 31. dxe7 {[%clk 01:20:47]} {[%emt
00:00:22]} Re8 {[%clk 00:21:54]} {[%emt 00:00:22]} 32. Qxe4 {[%clk 01:20:07]}
{[%emt 00:01:09]} Qc5+ {[%clk 00:21:59]} {[%emt 00:00:26]} 33. Rc2 {[%clk
01:19:55]} {[%emt 00:00:37]} Qg5+ {[%clk 00:22:22]} {[%emt 00:00:11]} 34. Kb1
{[%clk 01:20:05]} {[%emt 00:00:19]} Rxe7 {[%clk 00:22:18]} {[%emt 00:00:35]}
35. Qg4 {[%clk 01:19:31]} {[%emt 00:01:04]} Qd5 {[%clk 00:22:18]} {[%emt
00:00:28]} 36. Rd1 {[%clk 01:19:38]} {[%emt 00:00:25]} Qe5 {[%clk 00:22:14]}
{[%emt 00:00:33]} 37. Qd4 {[%clk 01:19:45]} {[%emt 00:00:23]} Qxd4 {[%clk
00:22:11]} {[%emt 00:00:35]} 38. Rxd4 {[%clk 01:20:06]} {[%emt 00:00:09]} Re1+
{[%clk 00:22:34]} {[%emt 00:00:07]} 39. Rc1 {[%clk 01:20:31]} {[%emt 00:00:06]}
Re7 {[%clk 00:22:56]} {[%emt 00:00:07]} 40. a3 {[%clk 01:20:45]} {[%emt
00:00:17]} Kh6 {[%clk 00:23:02]} {[%emt 00:00:24]} 41. Rc5 {[%clk 01:20:58]}
{[%emt 00:00:17]} Re1+ {[%clk 00:23:19]} {[%emt 00:00:13]} 42. Kc2 {[%clk
01:21:18]} {[%emt 00:00:10]} Re2+ {[%clk 00:23:26]} {[%emt 00:00:21]} 43. Rd2
{[%clk 01:21:35]} {[%emt 00:00:13]} Re7 {[%clk 00:23:43]} {[%emt 00:00:12]} 44.
Rd3 {[%clk 01:21:43]} {[%emt 00:00:23]} Re2+ {[%clk 00:23:45]} {[%emt
00:00:29]} 45. Kb3 {[%clk 01:21:48]} {[%emt 00:00:23]} Rxg2 {[%clk 00:24:03]}
{[%emt 00:00:13]} 46. Rc7 {[%clk 01:22:10]} {[%emt 00:00:08]} b5 {[%clk
00:24:20]} {[%emt 00:00:13]} 47. Rb7 {[%clk 01:22:35]} {[%emt 00:00:05]} Rg5
{[%clk 00:24:40]} {[%emt 00:00:10]} 48. Kb4 {[%clk 01:22:44]} {[%emt 00:00:21]}
Rg2 {[%clk 00:24:25]} {[%emt 00:00:44]} 49. b3 {[%clk 01:23:01]} {[%emt
00:00:14]} Ra2 {[%clk 00:24:20]} {[%emt 00:00:35]} 50. Rxb5 {[%clk 01:23:21]}
{[%emt 00:00:10]} g5 {[%clk 00:23:07]} {[%emt 00:01:42]} 51. Rb7 {[%clk
01:23:28]} {[%emt 00:00:24]} g4 {[%clk 00:22:21]} {[%emt 00:01:16]} 52. hxg4
{[%clk 01:23:47]} {[%emt 00:00:10]} Kg5 {[%clk 00:22:36]} {[%emt 00:00:15]} 53.
Rxh7 {[%clk 01:24:05]} {[%emt 00:00:11]} Kxg4 {[%clk 00:23:00]} {[%emt
00:00:07]} 54. a4 {[%emt 00:00:32]} Kf5 {[%clk 00:23:13]} {[%emt 00:00:14]} 55.
a5 {[%clk 01:24:28]} {[%emt 00:00:10]} Ke4 {[%clk 00:23:34]} {[%emt 00:00:08]}
56. Rhd7 {[%clk 01:24:46]} {[%emt 00:00:12]} 1-0